What is a mountain? (Record no. 48065)
| 000 -LEADER | |
|---|---|
| fixed length control field | 00372nam a2200121 4500 |
| 245 ## - TITLE STATEMENT | |
| Title | What is a mountain? |
| Statement of responsibility, etc | Chris Avertis and Carole Palmer. |
| 260 ## - PUBLICATION, DISTRIBUTION, ETC. (IMPRINT) | |
| Place of publication, distribution, etc | Middletown, CT: |
| Name of publisher, distributor, etc | Field Publications; |
| Date of publication, distribution, etc | 1986. |
| 300 ## - PHYSICAL DESCRIPTION | |
| Extent | unpaged. |
| Other physical details | col. ill. |
| Dimensions | 23 cm. |
| 490 ## - SERIES STATEMENT | |
| Series statement | A Just- Ask Book; |
| 650 ## - SUBJECT ADDED ENTRY--TOPICAL TERM | |
| Topical term or geographic name as entry element | Mountains. |
| 700 ## - ADDED ENTRY--PERSONAL NAME | |
| Relator code | illustrator. |
| Personal name | Terry Rose. |
| 9 (RLIN) | 85844 |
| 942 ## - ADDED ENTRY ELEMENTS (KOHA) | |
| Source of classification or shelving scheme | |
| Koha item type | Book |
| Withdrawn status | Lost status | Source of classification or shelving scheme | Damaged status | Not for loan | Collection code | Home library | Current library | Date acquired | Total Checkouts | Full call number | Barcode | Checked out | Date last seen | Date checked out | Price effective from | Koha item type |
|---|---|---|---|---|---|---|---|---|---|---|---|---|---|---|---|---|
| Primary | Asian Hope Early Years Library | Asian Hope Early Years Library | 12/09/2024 | 6 | E ARV | 206815 | 04/28/2026 | 04/28/2026 | 04/28/2026 | 12/09/2024 | Book |